[Event "Sachsen-ch U16"]
[Site "Sebnitz"]
[Date "2013.04.02"]
[Round "1"]
[White "Dresig, Moritz"]
[Black "Birkenheuer, Simon"]
[Result "1/2-1/2"]
[WhiteElo "1769"]
[BlackElo "1500"]
[PlyCount "75"]
[EventDate "2013.04.02"]
[EventType "swiss"]
[EventRounds "7"]
[EventCountry "GER"]
[SourceTitle "EXT 2014"]
[Source "ChessBase"]
[SourceDate "2013.11.20"]
[SourceVersion "1"]
[SourceVersionDate "2013.11.20"]
[SourceQuality "1"]

1. c4 e5 2. g3 Nf6 3. Bg2 Bc5 4. Nc3 0-0 5. e3 d6 6. Nge2 c6 7. 0-0 Be6 8. b3 d5 9. d4 exd4 10. exd4 Bb6 11. c5 Bc7 12. Nf4 Bf5 13. Re1 Re8 14. a3 Nbd7 15. Ra2 Nf8 16. Rae2 Qd7 17. Nd3 Ng6 18. Bg5 Rxe2 19. Rxe2 Re8 20. Bxf6 gxf6 21. b4 Rxe2 22. Qxe2 Qe6 23. Bf1 Kg7 24. Nd1 Bg4 25. f3 Bh3 26. Qxe6 Bxe6 27. Nc3 f5 28. f4 Bd8 29. a4 Bf6 30. Ne2 Bd7 31. Kf2 Bd8 32. Nc3 a6 33. Kf3 Kf6 34. Ne5 Nxe5+ 35. fxe5+ Ke6 36. Bd3 Bg5 37. Nb1 f6 38. h4 1/2-1/2

[Event "Siebenlehn op 13th"]
[Site "Siebenlehn"]
[Date "2012.12.27"]
[Round "1"]
[White "Haba, Petr"]
[Black "Dresig, Moritz"]
[Result "1-0"]
[WhiteElo "2463"]
[BlackElo "1753"]
[PlyCount "47"]
[EventDate "2012.12.27"]
[EventType "swiss"]
[EventRounds "7"]
[EventCountry "GER"]
[SourceTitle "EXT 2014"]
[Source "ChessBase"]
[SourceDate "2013.11.20"]
[SourceVersion "1"]
[SourceVersionDate "2013.11.20"]
[SourceQuality "1"]

1. d4 Nf6 2. c4 g6 3. Nc3 Bg7 4. e4 d6 5. f3 0-0 6. Be3 Nbd7 7. Nh3 c6 8. Qd2 Re8 9. Nf2 Rb8 10. Bh6 Bh8 11. h4 a6 12. h5 e6 13. 0-0-0 Nxh5 14. g4 Ng7 15. e5 d5 16. Nd3 Nb6 17. Bg5 Nxc4 18. Qf4 Qb6 19. Bf6 h5 20. gxh5 Nf5 21. hxg6 Bxf6 22. exf6 Qxd4 23. Qxd4 Nxd4 24. g7 1-0

[Event "GER-ch U25 op-B"]
[Site "Oberhof"]
[Date "2012.06.01"]
[Round "8"]
[White "Dresig, Moritz"]
[Black "Tsoumanis, Neoptolemos"]
[Result "1-0"]
[WhiteElo "1572"]
[BlackElo "1181"]
[PlyCount "43"]
[EventDate "2012.05.27"]
[EventType "swiss"]
[EventRounds "9"]
[EventCountry "GER"]
[SourceTitle "CBM 148 Extra"]
[Source "ChessBase"]
[SourceDate "2012.06.22"]
[SourceVersion "1"]
[SourceVersionDate "2012.06.22"]
[SourceQuality "1"]

1. c4 e6 2. g3 Be7 3. Bg2 c6 4. Nf3 d5 5. d4 Nd7 6. 0-0 h5 7. h4 f6 8. Qc2 Nf8 9. cxd5 exd5 10. e4 Be6 11. Nc3 Qd7 12. Bf4 g5 13. hxg5 fxg5 14. Bxg5 Bxg5 15. Nxg5 Nf6 16. Nxe6 Nxe6 17. exd5 Nxd5 18. Nxd5 cxd5 19. Rfe1 Rh6 20. Bh3 Qf7 21. Qd2 Rg6 22. Rxe6+ 1-0

[Event "GER-ch U25 op-B"]
[Site "Oberhof"]
[Date "2012.05.29"]
[Round "4"]
[White "Dresig, Moritz"]
[Black "Bossert, Felix"]
[Result "1-0"]
[WhiteElo "1572"]
[BlackElo "1284"]
[PlyCount "91"]
[EventDate "2012.05.27"]
[EventType "swiss"]
[EventRounds "9"]
[EventCountry "GER"]
[SourceTitle "CBM 148 Extra"]
[Source "ChessBase"]
[SourceDate "2012.06.22"]
[SourceVersion "1"]
[SourceVersionDate "2012.06.22"]
[SourceQuality "1"]

1. c4 e6 2. g3 d5 3. Bg2 Nf6 4. Nc3 c6 5. d4 Nbd7 6. c5 b6 7. b4 a5 8. Qa4 Bb7 9. Rb1 axb4 10. Qxb4 Rb8 11. Bf4 Ra8 12. Qb2 b5 13. a4 Nh5 14. Bd2 Ba6 15. axb5 Bxb5 16. Nxb5 cxb5 17. Qxb5 Rb8 18. Qd3 Rxb1+ 19. Qxb1 Be7 20. Nf3 0-0 21. 0-0 Nhf6 22. Rc1 Ne4 23. Bf4 g5 24. Be3 f6 25. Ne1 f5 26. f3 f4 27. fxe4 fxe3 28. exd5 Nf6 29. d6 Bxd6 30. cxd6 Qxd6 31. Qd3 Ng4 32. Nf3 e5 33. Qc4+ Kg7 34. dxe5 Nxe5 35. Qc7+ Nf7 36. Qxd6 Nxd6 37. Nxg5 Rf2 38. Bf3 Kg6 39. Nh3 Rxf3 40. exf3 h5 41. Rc6 Kf5 42. Rxd6 e2 43. Kf2 e1Q+ 44. Kxe1 h4 45. g4+ Ke5 46. Rd8 1-0

[Event "Sachsen-ch U14"]
[Site "Sebnitz"]
[Date "2012.04.14"]
[Round "7"]
[White "Dresig, Moritz"]
[Black "Wildermuth, Tim"]
[Result "1-0"]
[WhiteElo "1529"]
[BlackElo "1481"]
[PlyCount "89"]
[EventDate "2012.04.10"]
[EventType "swiss"]
[EventRounds "7"]
[EventCountry "GER"]
[SourceTitle "CBM 148 Extra"]
[Source "ChessBase"]
[SourceDate "2012.06.22"]
[SourceVersion "1"]
[SourceVersionDate "2012.06.22"]
[SourceQuality "1"]

1. d4 Nf6 2. c4 g6 3. Nc3 Bg7 4. g3 0-0 5. Bg2 d6 6. Nf3 Na6 7. 0-0 c5 8. e4 cxd4 9. Nxd4 Nd7 10. Be3 Ne5 11. Qe2 Ng4 12. h3 Nxe3 13. Qxe3 Nc5 14. b4 Ne6 15. Nce2 Qb6 16. Rfd1 Qxb4 17. Rac1 Nxd4 18. Nxd4 Qc5 19. Rd3 Rb8 20. Kh2 Bd7 21. Bf3 Rfc8 22. Qd2 b5 23. Nb3 Qb6 24. c5 Qa6 25. cxd6 Rxc1 26. Nxc1 e6 27. Nb3 Rc8 28. Nd4 Rb8 29. Be2 Rb6 30. Nb3 Rc6 31. f4 e5 32. Rd5 Qc8 33. Bd3 exf4 34. gxf4 Bxh3 35. e5 Qe6 36. Bxb5 Rc8 37. d7 Rd8 38. Rd6 Qg4 39. Qf2 Bh6 40. Rd4 Qh5 41. f5 Bf1+ 42. Rh4 Qxh4+ 43. Qxh4 Bxb5 44. Qxh6 Bxd7 45. f6 1-0

[Event "Sachsen-ch U14"]
[Site "Sebnitz"]
[Date "2012.04.12"]
[Round "4"]
[White "Storch, Domenic"]
[Black "Dresig, Moritz"]
[Result "0-1"]
[WhiteElo "1537"]
[BlackElo "1529"]
[PlyCount "68"]
[EventDate "2012.04.10"]
[EventType "swiss"]
[EventRounds "7"]
[EventCountry "GER"]
[SourceTitle "CBM 148 Extra"]
[Source "ChessBase"]
[SourceDate "2012.06.22"]
[SourceVersion "1"]
[SourceVersionDate "2012.06.22"]
[SourceQuality "1"]

1. d4 Nf6 2. c4 g6 3. Nc3 Bg7 4. e4 d6 5. f3 0-0 6. Be3 a6 7. Bd3 Qe8 8. Nge2 Nbd7 9. b4 e5 10. d5 Nh5 11. c5 Nf4 12. Bxf4 exf4 13. Qd2 dxc5 14. bxc5 Nxc5 15. Bc2 f5 16. d6 Qe5 17. 0-0-0 Rd8 18. exf5 Rxd6 19. Qxf4 Qxf4+ 20. Nxf4 Bxc3 21. Rxd6 cxd6 22. fxg6 hxg6 23. Nxg6 Be6 24. Kb1 d5 25. Nf4 Rf8 26. Nxe6 Nxe6 27. Bb3 Rd8 28. Rd1 Nd4 29. Bc2 Nxc2 30. Kxc2 d4 31. h4 Re8 32. Rg1 Re2+ 33. Kb3 b5 34. a3 Rb2# 0-1

[Event "Sachsen-ch U12"]
[Site "Sebnitz"]
[Date "2009.04.15"]
[Round "4"]
[White "Meyer, Pit"]
[Black "Dresig, Moritz"]
[Result "1-0"]
[WhiteElo "1183"]
[BlackElo "1478"]
[PlyCount "143"]
[EventDate "2009.04.14"]
[EventType "swiss"]
[EventRounds "7"]
[EventCountry "GER"]
[SourceTitle "EXT 2010"]
[Source "ChessBase"]
[SourceDate "2010.11.25"]
[SourceVersion "1"]
[SourceVersionDate "2010.11.25"]
[SourceQuality "1"]

1. e4 e5 2. Nf3 Nc6 3. Bc4 Nf6 4. Nc3 Bc5 5. 0-0 d6 6. d3 Bg4 7. Bg5 h6 8. Bh4 g5 9. Bg3 Nh5 10. Kh1 Nd4 11. Nd5 Qc8 12. a4 c6 13. Ne3 Nxg3+ 14. fxg3 Bxf3 15. gxf3 Qh3 16. Qd2 h5 17. b4 Bb6 18. a5 Bc7 19. c3 Ne6 20. Qg2 Qxg2+ 21. Kxg2 h4 22. Rh1 b5 23. Bb3 a6 24. Nf5 hxg3 25. hxg3 Rxh1 26. Rxh1 Kd7 27. Rh7 Rf8 28. Ng7 Nxg7 29. Rxg7 Ke7 30. Rxg5 c5 31. Rf5 f6 32. Bd5 Rb8 33. Rh5 Bd8 34. Rh7+ Ke8 35. Ra7 cxb4 36. cxb4 Rc8 37. Rxa6 Rc2+ 38. Kh3 Rb2 39. Bc6+ Kf8 40. Bxb5 Rxb4 41. Bc6 Rb3 42. Ra8 Ke7 43. a6 Rb6 44. Bb7 Rb1 45. Rc8 Rh1+ 46. Kg4 Ra1 47. Rc2 Bb6 48. Rh2 Ra3 49. Rh7+ Kd8 50. Kf5 Rxd3 51. f4 Rxg3 52. fxe5 fxe5 53. Ke6 Rg6+ 54. Kd5 Ba7 55. Rh8+ Kc7 56. Rc8+ Kb6 57. Rc6+ Ka5 58. Rxd6 Rxd6+ 59. Kxd6 Bd4 60. Kc6 Kb4 61. Bc8 Kc3 62. Kb7 Kd3 63. Bf5 Ke3 64. a7 Bxa7 65. Kxa7 Kf4 66. Kb6 Kg5 67. Kc6 Kf6 68. Kd6 Kg7 69. Kxe5 Kf8 70. Bd7 Ke7 71. Ba4 Kf7 72. Kd6 1-0

[Event "Sachsen-ch U12"]
[Site "Sebnitz"]
[Date "2009.04.14"]
[Round "1"]
[White "Dresig, Moritz"]
[Black "Thamm, Merlin Jannes"]
[Result "0-1"]
[WhiteElo "1478"]
[BlackElo "1257"]
[PlyCount "84"]
[EventDate "2009.04.14"]
[EventType "swiss"]
[EventRounds "7"]
[EventCountry "GER"]
[SourceTitle "EXT 2010"]
[Source "ChessBase"]
[SourceDate "2010.11.25"]
[SourceVersion "1"]
[SourceVersionDate "2010.11.25"]
[SourceQuality "1"]

1. e4 c6 2. d4 d5 3. e5 Bf5 4. Bf4 e6 5. Nc3 c5 6. Nf3 Nc6 7. Nb5 Rc8 8. c3 a6 9. Nd6+ Bxd6 10. exd6 cxd4 11. Nxd4 Nxd4 12. Qxd4 Nf6 13. Be5 0-0 14. Bd3 Bxd3 15. Qxd3 Ne4 16. Qd4 Rc4 17. Qa7 Nxd6 18. Bxd6 Qxd6 19. Qxb7 Re4+ 20. Kf1 Rb8 21. Qa7 Rxb2 22. g3 Ree2 23. Kg2 h6 24. Rab1 Qc6 25. Rxb2 Rxb2 26. Qd4 Rc2 27. Rb1 Qxc3 28. Rb8+ Kh7 29. Qa7 Qf6 30. Rb7 Kg6 31. h4 h5 32. Qe3 Rxa2 33. Rb4 a5 34. Rf4 Qe7 35. g4 e5 36. gxh5+ Kh7 37. Rg4 f5 38. Rg5 d4 39. Qd3 Qb7+ 40. Kg1 Ra1+ 41. Kh2 Qh1+ 42. Kg3 Rg1# 0-1

[Event "Sachsen-ch U10"]
[Site "Sebnitz"]
[Date "2007.04.13"]
[Round "6"]
[White "Schmuecker, Felix"]
[Black "Dresig, Moritz"]
[Result "1/2-1/2"]
[WhiteElo "1256"]
[BlackElo "1149"]
[PlyCount "50"]
[EventDate "2007.04.10"]
[EventType "swiss"]
[EventRounds "7"]
[EventCountry "GER"]
[SourceTitle "EXT 2008"]
[Source "ChessBase"]
[SourceDate "2007.11.25"]
[SourceVersion "1"]
[SourceVersionDate "2007.11.25"]
[SourceQuality "1"]

1. e4 e5 2. Nf3 Nc6 3. d4 exd4 4. Bc4 Nf6 5. 0-0 Bc5 6. c3 0-0 7. cxd4 Bb6 8. Nc3 h6 9. Bf4 d6 10. Qd2 Bg4 11. d5 Ne7 12. Nd4 Bxd4 13. Qxd4 Ng6 14. Bg3 Nh5 15. h3 Nxg3 16. fxg3 Bd7 17. Rf3 Ne5 18. Rff1 Qg5 19. Bb3 Qxg3 20. Ne2 Qg5 21. Kh2 Bb5 22. Rae1 Nd3 23. Rd1 Qe5+ 24. Qxe5 Nxe5 25. Rd2 c6 1/2-1/2

[Event "Sachsen-ch U10"]
[Site "Sebnitz"]
[Date "2007.04.12"]
[Round "4"]
[White "Heidelberger, Colin"]
[Black "Dresig, Moritz"]
[Result "1-0"]
[WhiteElo "1166"]
[BlackElo "1149"]
[PlyCount "61"]
[EventDate "2007.04.10"]
[EventType "swiss"]
[EventRounds "7"]
[EventCountry "GER"]
[SourceTitle "EXT 2008"]
[Source "ChessBase"]
[SourceDate "2007.11.25"]
[SourceVersion "1"]
[SourceVersionDate "2007.11.25"]
[SourceQuality "1"]

1. e4 e5 2. Nf3 Nc6 3. Bb5 a6 4. Ba4 Nf6 5. 0-0 Bc5 6. c3 0-0 7. d4 exd4 8. cxd4 Be7 9. Nc3 d6 10. e5 dxe5 11. dxe5 Qxd1 12. Rxd1 Ng4 13. Bf4 Bc5 14. Bg3 f5 15. h3 f4 16. Bh4 Ngxe5 17. Nxe5 Nxe5 18. Rd5 Bd6 19. Ne4 Be6 20. Rd4 f3 21. Nxd6 cxd6 22. Rxd6 Bc4 23. Bg3 Ng6 24. Bc2 Nf4 25. Be4 Ne2+ 26. Kh2 Nxg3 27. Kxg3 h5 28. Bxb7 Ra7 29. Bxf3 Rff7 30. b3 Bb5 31. Bd5 1-0

[Event "Sachsen-ch U10"]
[Site "Sebnitz"]
[Date "2007.04.11"]
[Round "2"]
[White "Peil, Christoph"]
[Black "Dresig, Moritz"]
[Result "1-0"]
[WhiteElo "1478"]
[BlackElo "1149"]
[PlyCount "67"]
[EventDate "2007.04.10"]
[EventType "swiss"]
[EventRounds "7"]
[EventCountry "GER"]
[SourceTitle "EXT 2008"]
[Source "ChessBase"]
[SourceDate "2007.11.25"]
[SourceVersion "1"]
[SourceVersionDate "2007.11.25"]
[SourceQuality "1"]

1. d4 Nf6 2. c4 g6 3. Nc3 Bg7 4. e4 d6 5. Nf3 0-0 6. Be2 Re8 7. 0-0 Nc6 8. Bg5 e5 9. d5 Ne7 10. b4 b6 11. Qc2 h6 12. Be3 Bd7 13. Rac1 Qc8 14. c5 bxc5 15. bxc5 dxc5 16. Bxc5 Bh3 17. Rfd1 Qg4 18. g3 Nh5 19. Nxe5 Qg5 20. Nf3 Qg4 21. Nd4 Qg5 22. Bxh5 Qxh5 23. Qe2 Qxe2 24. Ncxe2 Bxd4 25. Nxd4 a6 26. f3 Bd7 27. Bxe7 Rxe7 28. Rxc7 Rc8 29. Rdc1 Rxc7 30. Rxc7 Kf8 31. d6 Re6 32. Rxd7 Rf6 33. e5 Ke8 34. Re7+ 1-0

[Event "Sachsen-ch U08"]
[Site "Sebnitz"]
[Date "2006.04.20"]
[Round "5"]
[White "Dresig, Moritz"]
[Black "Richter, Leonard"]
[Result "1/2-1/2"]
[WhiteElo "852"]
[BlackElo "947"]
[PlyCount "98"]
[EventDate "2006.04.18"]
[EventType "swiss"]
[EventRounds "7"]
[EventCountry "GER"]
[SourceTitle "EXT 2007"]
[Source "ChessBase"]
[SourceDate "2006.11.23"]
[SourceVersion "1"]
[SourceVersionDate "2006.11.23"]
[SourceQuality "1"]

1. e4 d5 2. exd5 Nf6 3. d4 Nxd5 4. c4 Nf6 5. Nc3 e6 6. Nf3 c5 7. Be3 cxd4 8. Bxd4 Nc6 9. Be3 Be7 10. Be2 e5 11. 0-0 Bb4 12. Rc1 0-0 13. a3 Be7 14. g3 Ng4 15. Nd5 Bf5 16. Nxe7+ Qxe7 17. Qa4 Be4 18. Nd2 Bf5 19. Bxg4 Bxg4 20. Rfe1 Bd7 21. Qd1 f5 22. Nb3 b6 23. Qd5+ Rf7 24. Bf4 e4 25. Nd4 Rc8 26. Bd6 Qf6 27. Red1 Nxd4 28. Qxd4 Qxd4 29. Rxd4 Bc6 30. Bf4 Rd7 31. Rxd7 Bxd7 32. b3 Be6 33. a4 h6 34. Be3 Kf7 35. Kf1 g5 36. Ke1 Rd8 37. Rd1 Rxd1+ 38. Kxd1 Kg6 39. h4 Kh5 40. hxg5 hxg5 41. f4 exf3 42. Ke1 Kg4 43. Kf2 f4 44. gxf4 gxf4 45. Bd4 Bf5 46. c5 bxc5 47. Bxc5 Bc2 48. Bxa7 Bxb3 49. a5 Bc4 1/2-1/2